000 01024nam a22003017i 4500
003 EG-GICUC
005 20260121101452.0
008 251211s1935 fr ||||fr|||| 00| 0 fre d
040 _aEG-GiCUC
_bfre
_cEG-GiCUC
_dEG-GiCUC
_eRda
041 _afre
082 0 4 _221
_a341.22
_bJE . R
092 0 4 _221
099 _aLaw1 11 341.22 JE . R 1935
100 1 _aJeanneret, Jean S.
_eAuteur
245 1 3 _aLe rôle du Conseil de la Societe des Nations d’après lart 11 du Pacte /
_cJean S. Jeanneret.
264 1 _aparis :
_bRecueil Sirey,
_c1935.
300 _a269 page ;
_c 24 cm.
336 _2rda contenu
_a texte
337 _2rda medias
_aOrdinateur
338 _2 transporteur rda
_a Ressource en ligne
504 _aInclude Bibliography And Bibliographic references
546 _aTexte en français
650 1 4 _aSociété des Nations
_xDroit international public
_2qrmak
651 1 _2qrmak
856 4 0 _uhttps://fll.law.cu.edu.eg/fulltext/bks/B11-05190.pdf
905 _a75
_eHassnaa
942 _2ddc
_cBK
_e21
_n0
999 _c49820
_d49820